| 000 | 00777nam a2200217 a 4500 | ||
|---|---|---|---|
| 005 | 20220915063602.0 | ||
| 008 | 010706s1995 mx r 000 0 spa d | ||
| 020 | _a9586002500 (o.c.) | ||
| 035 | _aUPN01000109345 | ||
| 049 | _aCG | ||
| 050 | 4 |
_aQA303 _bS6.38 |
|
| 100 | 1 | _aStein, Sherman K. | |
| 245 | 1 | 0 |
_aCálculo y geometría analítica / _cSherman K. Stein, Anthony Barcellos ; tr. Cipriano Armando Cruz Gálvez. |
| 260 |
_aSanta Fé de Bogotá : _bMcGraw-Hill Interamericana, _cc1995. |
||
| 300 | _a2v. | ||
| 534 |
_pTraducción de: _tCalculus and analytic geometry _bTraducción de la quinta edición en inglés, _cc1992. |
||
| 650 | 7 |
_aCálculo _2 _94497 |
|
| 650 | 4 |
_aGEOMETRIA ANALITICA _924622 |
|
| 700 | 1 |
_aCruz Gálvez, Cipriano Armando, _etrad. |
|
| 905 | _aLibro | ||
| 999 |
_c83256 _d83256 |
||